000 00601nam a2200193 4500
001 143394
003 ES-MaACL
007 t|
008 070214s1982 sp r ||||1| spa d
100 1 _aSerrano-Plaja, Arturo.
_9105788
245 1 4 _aLos álamos oscuros /
_cArturo Serrano-Plaja.
250 _a1ª ed.
260 _aEsplugues de Llobregat [Barcelona] :
_bPlaza & Janés,
_c1982 (
_fGuada)
300 _a298 p. ;
_c19 cm.
490 1 _aSelecciones de poesía española
830 0 _aSelecciones de Poesía Española
_9181179
852 _aES-MaACL
_jL-3752
_bR.104308
999 _c143394
_d143394